[Event "VEN-ch (Women)"]
[Site "Guatire"]
[Date "2020.01.25"]
[Round "2"]
[White "Matute Escobar, Roxanny"]
[Black "Luces Camargo, Rosselys Alejandra"]
[Result "1-0"]
[WhiteElo "1819"]
[BlackElo "1878"]
[PlyCount "57"]
[EventDate "2020.01.25"]
[EventType "tourn"]
[EventRounds "9"]
[EventCountry "VEN"]
[SourceTitle "CBM 194 Extra"]
[Source "ChessBase"]
[SourceDate "2020.03.31"]
[SourceVersion "1"]
[SourceVersionDate "2020.03.31"]
[SourceQuality "1"]

1. e4 e5 2. Nf3 Nc6 3. Bc4 Bc5 4. b4 Bxb4 5. c3 Ba5 6. d4 exd4 7. 0-0 h6 8. Qb3 Qe7 9. Ba3 d6 10. e5 Nxe5 11. Nxe5 Qxe5 12. Bxf7+ Kf8 13. cxd4 Qf6 14. Bh5 g6 15. Bf3 Bb6 16. Nc3 Ne7 17. Ne4 Qf7 18. Qa4 Nf5 19. Bb2 Bd7 20. Qb4 a5 21. Qd2 d5 22. Nc5 Rb8 23. Qf4 Re8 24. Rfe1 g5 25. Rxe8+ Qxe8 26. Nxd7+ Qxd7 27. Qe5 Rh7 28. Ba3+ Nd6 29. Qf6+ 1-0

[Event "VEN-ch (Women)"]
[Site "Santo Domingo"]
[Date "2018.01.11"]
[Round "5"]
[White "Duran Reina, Luisa Elena"]
[Black "Luces Camargo, Rosselys Alejandra"]
[Result "1-0"]
[WhiteElo "1917"]
[BlackElo "1882"]
[PlyCount "93"]
[EventDate "2018.01.09"]
[EventType "tourn"]
[EventRounds "11"]
[EventCountry "VEN"]
[SourceTitle "CBM 182 Extra"]
[Source "ChessBase"]
[SourceDate "2018.02.23"]
[SourceVersion "1"]
[SourceVersionDate "2018.02.23"]
[SourceQuality "1"]

1. d4 Nf6 2. c4 e6 3. Nc3 Bb4 4. e3 c5 5. Bd3 Nc6 6. Nge2 0-0 7. 0-0 cxd4 8. exd4 h6 9. d5 Ne7 10. dxe6 dxe6 11. Qc2 a6 12. a3 Bd6 13. Ne4 Nxe4 14. Bxe4 Qc7 15. g3 Nc6 16. Be3 Be5 17. Rad1 Bd7 18. b4 Ne7 19. Bc5 Rfe8 20. Rd2 Bc6 21. Rfd1 Rad8 22. Rxd8 Rxd8 23. Rxd8+ Qxd8 24. Bxe7 Qxe7 25. Bxc6 bxc6 26. Qd2 Bf6 27. Kg2 Qb7 28. f3 Kf8 29. Nc1 Ke7 30. Nb3 Be5 31. a4 Bd6 32. c5 Bb8 33. Na5 Qd7 34. Qe2 Qc8 35. Qe4 Kd7 36. Qd4+ Ke7 37. Qxg7 Qd7 38. Qxh6 Bc7 39. Nc4 Qd4 40. Qh4+ Qxh4 41. gxh4 Kf6 42. Kh3 Kg6 43. Kg4 f5+ 44. Kh3 Kh5 45. Nd6 a5 46. b5 cxb5 47. Nxb5 1-0

[Event "VEN-ch U18 Girls 3rd"]
[Site "San Antonio"]
[Date "2016.04.03"]
[Round "6.1"]
[White "Luces Camargo, Rosselys Alejandra"]
[Black "Giraldo Segovia, Angely"]
[Result "0-1"]
[WhiteElo "1804"]
[BlackElo "1698"]
[PlyCount "72"]
[EventDate "2016.04.01"]
[EventType "swiss"]
[EventRounds "7"]
[EventCountry "VEN"]
[SourceTitle "EXT 2022"]
[Source "ChessBase"]
[SourceDate "2021.10.06"]
[SourceVersion "1"]
[SourceVersionDate "2021.10.06"]
[SourceQuality "1"]

1. e4 c5 2. Nf3 e6 3. d4 cxd4 4. Nxd4 Nc6 5. Nc3 Qc7 6. Be3 a6 7. Be2 Bb4 8. 0-0 Nf6 9. f3 0-0 10. a3 Bc5 11. Kh1 Nxd4 12. Bxd4 Bd6 13. g3 b5 14. Bf2 Bb7 15. Bxb5 Be5 16. Ba4 d5 17. exd5 Bxc3 18. bxc3 Nxd5 19. Bd4 e5 20. Bg1 e4 21. Kg2 exf3+ 22. Rxf3 Nxc3 23. Qd7 Qxd7 24. Bxd7 Rad8 25. Bc5 Rxd7 26. Bxf8 Kxf8 27. Raf1 Rd2+ 28. R1f2 Rxf2+ 29. Kxf2 Bxf3 30. Kxf3 Ke7 31. Ke3 Kd6 32. Kd3 Nd5 33. Kd4 Nf6 34. Kc4 Kc6 35. Kb4 Nd7 36. Ka5 Nc5 0-1

[Event "VEN-ch U18 Girls 3rd"]
[Site "San Antonio"]
[Date "2016.04.01"]
[Round "1.2"]
[White "Lucena Sandoval, Maria Jose"]
[Black "Luces Camargo, Rosselys Alejandra"]
[Result "0-1"]
[WhiteElo "1594"]
[BlackElo "1804"]
[PlyCount "68"]
[EventDate "2016.04.01"]
[EventType "swiss"]
[EventRounds "7"]
[EventCountry "VEN"]
[SourceTitle "EXT 2022"]
[Source "ChessBase"]
[SourceDate "2021.10.06"]
[SourceVersion "1"]
[SourceVersionDate "2021.10.06"]
[SourceQuality "1"]

1. d4 Nf6 2. c4 e6 3. Nc3 Bb4 4. Qc2 0-0 5. Nf3 c5 6. Bg5 cxd4 7. Nxd4 Qa5 8. Bxf6 gxf6 9. h4 Bxc3+ 10. bxc3 b6 11. g4 Ba6 12. Bg2 Nc6 13. Rd1 Bxc4 14. Be4 Qxa2 15. Bxh7+ Kh8 16. Qxa2 Bxa2 17. Be4 Rfd8 18. g5 f5 19. Bf3 Bc4 20. h5 a5 21. Nc2 Bb3 22. Rd2 Bxc2 23. Rxc2 e5 24. e3 a4 25. Ke2 Na5 26. Rcc1 Nc4 27. g6 fxg6 28. hxg6+ Kg7 29. Rcg1 Rh8 30. Kd1 Rxh1 31. Bxh1 Ra5 32. Kc2 Rb5 33. Kd3 Rb2 34. e4 a3 0-1

[Event "Caracas FVA 80th Ann"]
[Site "Caracas"]
[Date "2015.12.20"]
[Round "7"]
[White "Monsalve Montalban, Valentina De"]
[Black "Luces Camargo, Rosselys Alejandra"]
[Result "0-1"]
[WhiteElo "1561"]
[BlackElo "1768"]
[PlyCount "46"]
[EventDate "2015.12.16"]
[EventType "swiss"]
[EventRounds "8"]
[EventCountry "VEN"]
[SourceTitle "EXT 2018"]
[Source "ChessBase"]
[SourceDate "2017.10.13"]
[SourceVersion "1"]
[SourceVersionDate "2017.10.13"]
[SourceQuality "1"]

1. e4 e5 2. Nf3 Nc6 3. Bb5 a6 4. Ba4 Nf6 5. d3 b5 6. Bb3 Bc5 7. Bg5 d6 8. Nbd2 h6 9. Bh4 Be6 10. Bd5 Bd7 11. 0-0 g5 12. Bg3 Nxd5 13. exd5 Nb4 14. Re1 Bg4 15. h3 Bh5 16. Qc1 0-0 17. h4 g4 18. Nh2 f5 19. Bxe5 dxe5 20. Rxe5 Qxh4 21. g3 Bxf2+ 22. Kxf2 Qxh2+ 23. Kf1 f4 0-1

[Event "Guayana IRT CAAC 1er"]
[Site "Ciudad Guayana"]
[Date "2014.01.25"]
[Round "3"]
[White "Sequera Morales, Jose David"]
[Black "Luces Camargo, Rosselys Alejandra"]
[Result "0-1"]
[WhiteElo "1542"]
[BlackElo "1727"]
[PlyCount "80"]
[EventDate "2014.01.23"]
[EventType "swiss"]
[EventRounds "5"]
[EventCountry "VEN"]
[SourceTitle "EXT 2022"]
[Source "ChessBase"]
[SourceDate "2021.10.06"]
[SourceVersion "1"]
[SourceVersionDate "2021.10.06"]
[SourceQuality "1"]

1. e4 e5 2. Nc3 Nc6 3. Bc4 Nf6 4. d3 Bc5 5. Be3 Bxe3 6. fxe3 d6 7. Nf3 0-0 8. 0-0 Ne7 9. Qe1 Ng6 10. d4 Qe7 11. Rd1 Bg4 12. h3 Bc8 13. Nd2 Be6 14. d5 Bd7 15. Ne2 Nh5 16. Ng3 Nxg3 17. Qxg3 f5 18. Bd3 f4 19. exf4 exf4 20. Qf3 Qg5 21. Kh1 Nh4 22. Qf2 f3 23. g3 Bxh3 24. gxh4 Qg2+ 25. Qxg2 fxg2+ 26. Kg1 gxf1Q+ 27. Bxf1 Bxf1 28. Nxf1 Rf4 29. Ng3 Rxh4 30. Kg2 Rf8 31. Rd4 Rhf4 32. Nf5 R8xf5 33. exf5 Rxd4 34. Kf3 h5 35. c3 Rd2 36. f6 gxf6 37. Kf4 Rh2 38. b4 h4 39. Kg4 h3 40. Kg3 Rh1 0-1